US States by Biggest and Most Populous Islands - Statistics

General Stats
  • This quiz has been taken 66 times
  • The average score is 18 of 20
Answer Stats
Area (km2)
State
Island
% Correct
71,672 Florida Miami Beach
100%
10,433 Hawaii Hawaii
100%
976,372 Hawaii Oahu
100%
3,629 New York Long Island
100%
7,647,286 New York Long Island
100%
39,861 South Carolina Hilton Head Island
98%
9,293 Alaska Kodiak Island
96%
542 Texas Padre Island
95%
48,726 Texas Galveston Island
95%
437 Washington Whidbey Island
95%
69,480 Washington Whidbey Island
95%
236 Massachusetts Martha's Vineyard
93%
17,265 Massachusetts Martha's Vineyard
93%
254 California Santa Cruz Island
91%
77,624 California Alameda Island
91%
280 Maine Mount Desert Island
89%
534 Michigan Isle Royale
85%
259 Louisiana Marsh Island
80%
57,457 New Jersey Absecon Island
76%
58,211 Rhode Island Aquidneck Island
76%
No matching quizzes found
Score Distribution
Percent of People with Each Score
Percentile by Number Answered
Your Score History
You have not taken this quiz